Tryst With Destiny An Autobiography : (Record no. 180690)

MARC details
000 -LEADER
fixed length control field 00595nam a22001937a 4500
005 - DATE AND TIME OF LATEST TRANSACTION
control field 20210813164849.0
010 ## - LCCN (DPL NO)
LC control number ENG-129858
020 ## - INTERNATIONAL STANDARD BOOK NUMBER
Terms of availability 1295.00
International Standard Book Number 978-81-951951-1-4
035 ## - SYSTEM CONTROL NUMBER
System control number EN-113390
037 ## - SOURCE OF ACQUISITION
Source of stock number/acquisition DBAD/PUB
082 ## - DEWEY DECIMAL CLASSIFICATION NUMBER
Classification number 921
100 ## - MAIN ENTRY--PERSONAL NAME
Personal name Tyagi, Narendra
245 ## - TITLE STATEMENT
Title Tryst With Destiny An Autobiography :
Statement of responsibility, etc Narendra Tyagi
250 ## - EDITION STATEMENT
Edition statement 2021
260 ## - PUBLICATION, DISTRIBUTION, ETC. (IMPRINT)
Name of publisher, distributor, etc Index International
Date of publication, distribution, etc 2021
Place of publication, distribution, etc Ghaziabad
270 ## - ADDRESS
Electronic mail address intexintl@airtelmail.in
Address A8-002, Olive County Sector-5, Vasundhara
City Ghaziabad
Postal code 201012
300 ## - PHYSICAL DESCRIPTION
Extent 334p.
Dimensions 25cm (hbk)
942 ## - ADDED ENTRY ELEMENTS (KOHA)
Source of classification or shelving scheme Dewey Decimal Classification
Item type English Books
Classification part 921
Call number prefix TYA
Holdings
Withdrawn status Lost status Not for loan Collection code Home library Current library Date acquired Source of acquisition Cost, normal purchase price Full call number Barcode Copy number Cost, replacement price Koha item type
      Non-fiction Shahdara Branch Shahdara Branch 13/08/2021 DBAD/PUB 1295.00 921 TYA EN-113390 1 1295.00 English Books

© Delhi Public Library
Hit Counter
free hit counter